Das Problem der Sprache bei Hegel /

Збережено в:
Бібліографічні деталі
Автор: Simon, Josef (autor)
Формат: Книга
Мова:German
Опубліковано: Stuttgart, Alemania : Kohlhammer, 1966, c1966
Предмети:
Теги: Додати тег
Немає тегів, Будьте першим, хто поставить тег для цього запису!

MARC

LEADER 00000nam^a2200000^a^4500
001 000298578
005 20250521000000.0
009 20260310112413.125
037 |a Acervo Xavier Clavigero 
041 |a ALE 
082 |a 141.  |b HEG EST SIM 
100 |a Simon, Josef  |e (autor) 
240 1 4 |a [El problema del lenguaje en Hegel] 
245 1 4 |a Das Problem der Sprache bei Hegel /  |c J. Simón. 
264 4 |a Stuttgart, Alemania :  |b Kohlhammer,  |c 1966, c1966 
300 |a 207 p. 
336 |a texto  |b txt  |2 rdacontenido 
337 |a sin mediación  |b n  |2 rdamedio 
338 |a volumen  |b nc  |2 rdasoporte 
649 |a XX 
650 |a Filósofos Alemanes 
650 |a Conciencia 
650 |a Objetividad y Subjetividad en la Ciencia 
650 |a Filosofía del Lenguaje 
650 |a Idealismo -  |x Historia y Crítica 
650 |a Filosofía del Siglo XIX -  |x Historia y Crítica 
650 |a Filosofía Alemana -  |x Historia y Crítica 
650 |a Hegel, Friedrich -  |x Tema Principal 
910 |a Fondo General 
920 |a Impresos - Libros 
930 |a Colección General 
905 |a 101 
901 |a 009186  |b IT1  |c ACC  |u 20250521 
902 |a https://opac.biblio.iteso.mx/vufind/Record/000298578